Statistics for Famous People Who Have Committed Suicide

Click here to take the quiz!

General Stats

  • This quiz has been taken 303 times
  • The average score is 6 of 15

Answer Stats

HintPerson% Correct
NirvanaKurt Cobain
88%
FührerAdolf Hitler
80%
Mrs. DoubtfireRobin Williams
76%
"They tried to make me go to rehab..."Amy Winehouse
67%
He fiddled while Rome burnedNero
55%
The Old Man and the SeaErnest Hemingway
52%
Starry Starry NightVincent Van Gogh
48%
Candle in the WindMarilyn Monroe
45%
Russian composerPyotr Ilyich Tchaikovsky
39%
Half of a famous expedition teamMeriwether Lewis
27%
Successor to Julius CaesarMark Antony
20%
Modernist English writerVirginia Woolf
16%
British fashion designerAlexander McQueen
7%
Soul TrainDon Cornelius
3%
Hollywood fashion designerL'Wren Scott
1%

Score Distribution

Percentile by Number Answered

Percent of People with Each Score

Your Score History

You have not taken this quiz